000 00946nam a2200277Ia 4500
003 OSt
005 20221005023644.0
006 a|||||r|||| 00| 0
007 ta
008 221004b |||||||| |||| 00| 0 eng d
020 _a9783110443103 (hbk)
_cEURO 99.95
024 _a34117
037 _b8180, 08/09/2017, Efficient Book Distributors
_cTextual
040 _aCRL
_cCRL
_beng
041 _2eng
_aeng
082 _aP111, Q6
100 _aSchubert Christoph Ed.
_9579834
245 0 _aVariational text linguistics
_b revisiting register in english
260 _aBerlin
_bWalter de Gruyter Germany
_c2016
300 _aviii,339p.
_ccm.
650 _a LINGUISTICS
650 _aENGLISH LANGUAGE
700 _a Sanchez-Stockhammer Christina Ed.
_9579835
942 _hP111, Q6
_cTEXL
_2cc
999 _c931539
_d931539